| 000 | 00580nam a22001815i 4500 | ||
|---|---|---|---|
| 001 | 168921 | ||
| 003 | ES-MaACL | ||
| 005 | 20230906213928.0 | ||
| 008 | 080625s1965 sp |||| | spa d | ||
| 080 | _a811.922 | ||
| 100 | 1 |
_aLapenna, Ivo. _9138049 |
|
| 245 | 1 | 0 |
_aHechos fundamentales acerca de la lengua internacional (esperanto) / _cIvo Lapenna. |
| 260 |
_aZaragoza : _b[Federación Española de Esperanto, _c1965] |
||
| 300 |
_a20 p. ; _c21 cm. |
||
| 650 | 4 |
_aEsperanto. _912494 |
|
| 710 | 2 |
_aFederación Española de Esperanto . _9138050 |
|
| 852 | 4 |
_aES-MaACL _j2203-F-26 |
|
| 999 |
_c168921 _d168921 |
||